000 00523nam a2200181Ia 4500
005 20250508154905.0
008 008 250505s9999 xx 000 0 eng d
037 _aTextual
040 _aFEDL
_beng
_cFEDL
041 _aeng
_2eng
084 _a575, WHY
_qFEDL
100 _aWhyte Lancelot Law
_9444505
245 0 _aInternal factors in evolution
260 _aLondon, UK
_bMember of Associated Book Publishers Limited
_c1965
300 _axxii,81p
942 _cTEXL
_h575, WHY
999 _c1352644
_d1352644